000
00229nam a2200097Ia 4500
005
20251222114357.0
008
251222s1900||||xx |||||||||||||| ||spa||
082
_a
DVD0070/S82/1998/Ej.2
245
0
_a
JFK:John F. Kennedy
942
_c
DVD
999
_c
1467
_d
1467